| 000 | 01118nam2a22002531 4500 | ||
|---|---|---|---|
| 001 | RU\NLR\INFOCOMM4\1000512984 | ||
| 005 | 20250617161635.0 | ||
| 035 | _a(NLR Aleph) 002770027 | ||
| 090 |
_a2310231 _c2310231 |
||
| 100 | _a20040219d1950 |||y0rusy50 ca | ||
| 101 | 0 | _arus | |
| 102 | _aRU | ||
| 105 | _ay ||||||||| | ||
| 200 | 1 |
_aСлой и наслоение _fА.М. Кузьмин |
|
| 210 |
_d1950 _aБ. м. |
||
| 461 | 0 |
_1001RU\NLR\INFOCOMM4\1000512973 _12001#$aТруды Горно-Геологического института$fАкад. наук СССР Зап.-Сиб. филиал$gПод. общ. ред. заслуж. деятеля науки и техн. проф. д-ра М.К. Коровина$vВып.11 _92310136 _cНовосибирск _d1947-1957 _fАкад. наук СССР Зап.-Сиб. филиал _tТруды Горно-Геологического института _vВып.11 |
|
| 700 | 1 |
_aКузьмин _bА.М. _4070 |
|
| 801 | 1 |
_aRU _bInfoComm _c20040219 |
|
| 801 | 0 |
_aRU _bNLR _gPSBO |
|
| 852 |
_aNLR _jП7/228 |
||
| 942 | _cISSUE | ||
| 980 | _aNB | ||
| 980 | _aRUSPER | ||